[Event "European Individual Chess Championship 2017"]
[Site "Minsk"]
[Date "2017.06.10"]
[Round "11.16"]
[White "Danin, Alexandre"]
[Black "Grachev, Boris"]
[Result "0-1"]
[BlackElo "2658"]
[WhiteElo "2543"]
[LiveChessVersion "1.4.8"]

1. e4 {[%clk 1:30:58]} c5 {[%clk 1:30:43]} 2. Nf3 {[%clk 1:31:22]} Nc6
{[%clk 1:31:10]} 3. d4 {[%clk 1:30:46]} cxd4 {[%clk 1:31:30]} 4. Nxd4
{[%clk 1:31:11]} Qb6 {[%clk 1:31:55]} 5. Nb3 {[%clk 1:31:29]} Nf6
{[%clk 1:32:12]} 6. Nc3 {[%clk 1:31:52]} e6 {[%clk 1:32:36]} 7. Qe2
{[%clk 1:32:11]} Bb4 {[%clk 1:33:00]} 8. Bd2 {[%clk 1:31:37]} O-O
{[%clk 1:33:21]} 9. a3 {[%clk 1:31:26]} Be7 {[%clk 1:33:46]} 10. f4
{[%clk 1:31:40]} d5 {[%clk 1:33:16]} 11. e5 {[%clk 1:28:03]} Nd7 {[%clk 1:33:40]}
12. Be3 {[%clk 1:25:05]} Qc7 {[%clk 1:18:12]} 13. Nb5 {[%clk 1:12:22]} Qd8
{[%clk 1:15:52]} 14. Qh5 {[%clk 1:10:34]} a6 {[%clk 1:04:53]} 15. N5d4
{[%clk 1:10:29]} Nxd4 {[%clk 1:03:44]} 16. Bxd4 {[%clk 1:04:44]} b6
{[%clk 0:58:42]} 17. Bd3 {[%clk 1:03:51]} g6 {[%clk 0:57:40]} 18. Qe2
{[%clk 0:54:31]} Nc5 {[%clk 0:57:10]} 19. Nd2 {[%clk 0:53:18]} f5
{[%clk 0:39:47]} 20. exf6 {[%clk 0:52:56]} Bxf6 {[%clk 0:40:14]} 21. Be5
{[%clk 0:38:47]} Bxe5 {[%clk 0:36:46]} 22. Qxe5 {[%clk 0:36:32]} Nxd3+
{[%clk 0:33:03]} 23. cxd3 {[%clk 0:37:00]} Rf5 {[%clk 0:33:27]} 24. Qe3
{[%clk 0:30:28]} d4 {[%clk 0:26:07]} 25. Qe4 {[%clk 0:28:41]} Ra7
{[%clk 0:26:09]} 26. O-O {[%clk 0:28:58]} Re7 {[%clk 0:24:37]} 27. Qa8
{[%clk 0:17:11]} Rc7 {[%clk 0:19:50]} 28. Nc4 {[%clk 0:13:26]} b5
{[%clk 0:19:24]} 29. Ne5 {[%clk 0:13:33]} Rf8 {[%clk 0:17:31]} 30. Rae1
{[%clk 0:05:17]} Rc2 {[%clk 0:10:45]} 31. Qe4 {[%clk 0:00:45]} Qb6
{[%clk 0:07:02]} 32. Nf3 {[%clk 0:00:38]} Bb7 {[%clk 0:05:36]} 33. Qe5
{[%clk 0:00:39]} Rf5 {[%clk 0:03:27]} 34. Qxe6+ {[%clk 0:00:46]} Qxe6
{[%clk 0:03:55]} 35. Rxe6 {[%clk 0:01:14]} Rxb2 {[%clk 0:03:59]} 36. Rb6
{[%clk 0:00:42]} Rf7 {[%clk 0:02:48]} 37. Rf2 {[%clk 0:01:02]} Rb1+
{[%clk 0:01:43]} 38. Rf1 {[%clk 0:01:31]} Rb2 {[%clk 0:02:08]} 39. Rf2
{[%clk 0:01:58]} Rb3 {[%clk 0:01:54]} 40. Ne5 {[%clk 0:31:19]} Re7
{[%clk 0:30:36]} 41. h4 {[%clk 0:25:14]} Rxa3 {[%clk 0:27:33]} 42. h5
{[%clk 0:23:21]} gxh5 {[%clk 0:25:59]} 43. f5 {[%clk 0:21:09]} Bc8
{[%clk 0:19:36]} 44. Nc6 {[%clk 0:19:52]} Rb7 {[%clk 0:16:40]} 45. Rxb7
{[%clk 0:17:58]} Bxb7 {[%clk 0:17:08]} 46. Nd8 {[%clk 0:18:21]} Bd5
{[%clk 0:15:18]} 47. f6 {[%clk 0:18:42]} Rxd3 {[%clk 0:06:36]} 48. f7+
{[%clk 0:15:34]} Kf8 {[%clk 0:07:05]} 49. Rf5 {[%clk 0:15:57]} Bc4
{[%clk 0:07:07]} 50. Rg5 {[%clk 0:16:02]} Rd1+ {[%clk 0:07:28]} 51. Kh2
{[%clk 0:16:28]} Rf1 {[%clk 0:06:03]} 52. Rg8+ {[%clk 0:16:17]} Ke7
{[%clk 0:06:32]} 53. Re8+ {[%clk 0:16:36]} Kd7 {[%clk 0:06:49]} 54. f8=Q
{[%clk 0:16:55]} Rxf8 {[%clk 0:07:14]} 55. Rxf8 {[%clk 0:17:24]} d3
{[%clk 0:07:09]} 56. Nb7 {[%clk 0:16:57]} Kc7 {[%clk 0:05:11]} 57. Kg3
{[%clk 0:15:45]} Kxb7 {[%clk 0:04:36]} 58. Kf2 {[%clk 0:16:06]} a5
{[%clk 0:04:09]} 59. Ke3 {[%clk 0:16:31]} a4 {[%clk 0:04:29]} 60. Rh8
{[%clk 0:16:41]} a3 {[%clk 0:04:21]} 61. Rxh7+ {[%clk 0:17:07]} Kb6
{[%clk 0:04:43]} 62. Rxh5 {[%clk 0:17:29]} a2 {[%clk 0:04:29]} 63. Rh1
{[%clk 0:17:58]} Kc5 {[%clk 0:04:26]} 64. g4 {[%clk 0:18:06]} Kb4
{[%clk 0:03:56]} 65. g5 {[%clk 0:18:32]} Kc3 {[%clk 0:04:07]} 66. g6
{[%clk 0:18:53]} d2 {[%clk 0:03:38]} 67. Rd1 {[%clk 0:18:12]} b4 {[%clk 0:03:46]}
68. g7 {[%clk 0:18:31]} b3 {[%clk 0:03:54]} 69. Kd4+ 0-1